000 00288nam a22001217a 4500
008 180125b xxu||||| |||| 00| 0 eng d
041 _aeng
080 _a591
100 _a7
101 _azoo
245 _abees their vision chemicak senses and language
_ckarl.v.f
942 _2udc
_cBK
999 _c40956
_d40956